logo

Bir Sreshtho Munshi Abdur Rouf Library
Jhenaidah Cadet College

প্রত্যক্ষদর্শীর চোখে মুক্তি যুদ্ধ / (Record no. 688)

MARC details
000 -LEADER
fixed length control field 00756nam a22002177a 4500
001 - CONTROL NUMBER
JCCL Control Number 688
003 - CONTROL NUMBER IDENTIFIER
JCCL marc code BD-JhCC
005 - DATE AND TIME OF LATEST TRANSACTION
control field 20171008195857.0
008 - FIXED-LENGTH DATA ELEMENTS--GENERAL INFORMATION
fixed length control field 171008s1991 bg |||| |||| 000 0 ben d
035 ## - SYSTEM CONTROL NUMBER
system control number (BD-JhCC)688
040 ## - CATALOGING SOURCE
Original cataloging agency BD-JhCC
Modifying agency BD-JhCC
041 ## - LANGUAGE CODE
Language code of Book eng
082 ## - DEWEY DECIMAL CLASSIFICATION NUMBER
Classification number 954.9205
Author mark and Year HAB 1991
100 ## - MAIN ENTRY--PERSONAL NAME
Personal name হাবিব, হারুন
245 ## - TITLE STATEMENT
Title প্রত্যক্ষদর্শীর চোখে মুক্তি যুদ্ধ /
Statement of responsibility, etc হারুন হাবিব
260 ## - PUBLICATION, DISTRIBUTION, ETC. (IMPRINT)
Place of publication, distribution, etc ঢাকা :
Name of publisher, distributor, etc নওরোজ কিতাবিস্তান,
Date of publication, distribution, etc ১৯৯১.
300 ## - PHYSICAL DESCRIPTION
Pagination ২৮৪ পৃ. :
Dimensions ২২ সেমি.
650 ## - SUBJECT ADDED ENTRY--TOPICAL TERM
Topical term or geographic name as entry element History Liberation War, 1971
Geographic subdivision Bangladesh
942 ## - ADDED ENTRY ELEMENTS (KOHA)
Source of classification or shelving scheme Dewey Decimal Classification
Koha item type Books
Holdings
Source of classification or shelving scheme Damaged status Not for loan Home library Current library Shelving location Date of accession Source of acquisition Cost, normal purchase price Total Checkouts Full call number Barcode Date last seen Copy number Koha item type
Dewey Decimal Classification     JCC Rouf Library JCC Rouf Library General Stacks 10/08/2017 Purchase 140.00   954.9205 HAB 1991 179 10/08/2017 C-1 Books

JCC Library | Contacts | JCC Home

Last Update on 23 September 2017
Copyright @ 2017-2020 JCC Rouf Library
Rouf Library, Jhenidah Cadet College (JCC), Bangladesh